00837nam a22002657a 450000500170000001000130001702000230003003500130005303700160006604000120008208200130009410000300010724500540013724600060019125000120019726000420020927000560025130000200030750000200032765000280034765000310037594200220040699900190042895201240044720170124110210.0 aA-940689 c250.00a8186358765 aA-940689 bCen Lib/Ret aDPLbEN a616bKUN aKundu, Arup Kumar 938084 aBeside clinics in medicine /cby Arup Kumar kundu b  a3rd ed  bAcademic publishers c1999aCalcutta  bCalcutta a12/1A, Bankim chatterjee street e700073 a447p.c23cm(Hb) aIncludes index  aMedical sceince 938085 aRespiratory system 938086 2ddccENh616mKUN c133491d133491 00104070aLbLd2015-07-27eCen Lib/Retg250.00l0o616 KUNpA-940689r2015-07-27 00:00:00t1v250.00w2015-07-27yEN